LEADER 00899nam0-22003011i-450- 001 990001509850403321 005 20031212115024.0 010 $a0-8493-9651-4 035 $a000150985 035 $aFED01000150985 035 $a(Aleph)000150985FED01 035 $a000150985 100 $a20030909d--------km-y0itay50------ba 101 0 $aita 200 1 $aEntropy Generation Minimization$ethe Method of Thermodynamic Optimization of Finite Size Systems and Finite Timeprocesses$fBejan A. 210 $aU.S.A.$cCRC$d1996 610 0 $aentropia 610 0 $atermodinamica 676 $a536 621.402 621.402'1--dc20 700 1$aBejan,$bAdrian$09001 801 0$aIT$bUNINA$gRICA$2UNIMARC 901 $aBK 912 $a990001509850403321 952 $a00 D1094$b1824$fDETEC 952 $a00 D1421$b2542$fDETEC 959 $aDETEC 996 $aEntropy Generation Minimization$9376592 997 $aUNINA LEADER 01192nam 2200373Ka 450 001 9910693552403321 005 20010627170737.0 035 $a(CKB)25433403400041 035 $a(OCoLC)44375160 035 9 $aocm44375160 035 $a(OCoLC)9925433403400041 035 $a(EXLCZ)9925433403400041 100 $a19991001d1996 ua 0 101 0 $aeng 181 $ctxt$2rdacontent 182 $cc$2rdamedia 183 $acr$2rdacarrier 200 10$aPrague, NATO, and European security$b[electronic resource] /$fStephen J. Blank 210 1$aCarlisle Barracks, PA :$cStrategic Studies Institute, U.S. Army War College,$d[1996] 300 $a"April 17, 1996." 300 $aTitle from title screen. 320 $aIncludes bibliographical references. 606 $aSecurity, International 607 $aCzech Republic$xMilitary policy 615 0$aSecurity, International. 700 $aBlank$b Stephen$f1950-$01351763 712 02$aArmy War College (U.S.).$bStrategic Studies Institute. 801 0$bAWC 801 1$bAWC 801 2$bGPO 906 $aBOOK 912 $a9910693552403321 996 $aPRAGUE, NATO, AND EUROPEAN SECURITY$93183329 997 $aUNINA